Lyndon B. Johnson Quiz - Statistics

General Stats
  • This quiz has been taken 70 times
  • The average score is 10 of 15
Answer Stats
Hint Answer % Correct
President he assumed office after assassination John F. Kennedy
100%
What state is Johnson from? Texas
98%
His Attorney General during his first term Robert Kennedy
85%
Act he signed in 1964 Civil Rights Act
80%
_____ Society Great
80%
City where he took the oath for president Dallas
76%
His Vice President Hubert Humphrey
74%
War on ____ Poverty
72%
His wife/first lady Lady Bird Johnson
70%
His occupation before a politician Teacher
65%
Foreign agenda that hurt his legacy Vietnam War
65%
Person who he beat in the 1964 election Barry Goldwater
63%
City where his Presidential Library is located Austin
59%
Act he signed in 1965 Voting Rights Act
48%
His Attorney General during his second term William Clark
9%
No matching quizzes found
Score Distribution
Percent of People with Each Score
Percentile by Number Answered
Your Score History
You have not taken this quiz